03722cam a2200325 i 4500001001900000003000600019005001700025008004100042020002900083035002200112035002400134040006100158041001200219050002100231100010100252245010800353246006100461246006400522264003300586300004500619504005100664505100900715520146301724650002103187650003003208650002903238942000803267952010603275999001503381991027281041907026UkOxU20250923142304.0250127t20242024enka 001 0 eng d a9781399415637qpaperback a(OCoLC)1492830578 a(OCoLC)on1492830578 aRDFbengerdacRDFdOCLCOdCFUdOCLCOdHCOdNZPOPdUkOxU aEnglish 4aBF145b.F87 2024 aFurnham, Adrian,eauthor.1https://id.oclc.org/worldcat/entity/E39PBJy49mr9pqwQmjFX8Bbrv392578814aThe new psychology b: the 50 newest concepts that are shaping how we live and work c/ Adrian Furnham.30a50 newest concepts that are shaping how we live and work30aFifty newest concepts that are shaping how we live and work 1aLondon :bBloomsbury,c2024. axiv, 290 pages :billustrations ;c24 cm aIncludes bibliographical references and index.0 aAlternative medicine — Artificial intelligence (AI) — Authenticity — Big data/data science — Brain imaging — Cognitive biases — Conspiracy theories — Cosmetic surgery — Curiosity — Cyberpsychology — Dark triad — Digital leadership — Disenchantment — Disgust — Ecopsychology — Ego depletion — Espionage — FOMO (Fear of Missing Out) — Game theory — Gamification — Gender and sex — Greed — Grit — Highly sensitive personality — Humour — Imposter syndrome — Justice motivation — Machine learning — Mental health literacy — Microaggressions — Mindsets — Network analysis — Neurodiversity — Nostalgia — Overconfidence — Passion — Personality change — Polycultural psychology — Positive psychology — Psychological safety — Replication crisis — Resignation: the great... — Resilience — Structural equation modelling — Terrorist thinking — Unconscious bias — Wearables — WEIRD people — Woke ideology — Zoom fatigue. a"An in-depth look at a number of the newest issues in psychology and how they can influence our lives, at home and at work - from AI and Ecopsychology, to Wearables and W.E.I.R.D people. Psychologists have always shone a torch into many dark corners of the human mind -- they study everything, from art preferences to altruism, coaching to criminality, gamification to greed, and microagressions to mindset. But in our hyper-connected, post-pandemic society, less-understood issues are now emerging, causing significant disorientation for people trying to make sense of their ever-changing world and the tumultuous events unfolding around them. The language of psychology offers clear descriptions and explanations for a range of phenomena, including Authenticity, Conspiracy Theories, and Psychological Safety through to more recently recognized conditions, such as Imposter Syndrome, Unconcious Bias, and Zoom Fatigue. Adrian Furnham offers an increased awareness and insight as to how these conditions manifest themselves, aiding people to better identify and realize their full potential. Written to accompany the highly successful Psychology 101, this book takes a closer look at 50 of the emerging concepts in modern psychology. The New Psychology explains how these issues could impact both our personal and professional lives, helping you to reassess the pressures facing you at work and pursue a more fulfilling work/life balance."--Page 4 of cover. 0aPsychology92525 0aPsychologyy21st century. 0aPsychologyxTerminology. 2lcc 00102lcc4070aTBSbTBSd2025-08-27l2oBF145 FURpB07609r2026-04-23s2026-03-25t1w2025-08-27y1 c4877d4877